Autocad thực hành thiết kế kiến trúc Autocad R14

সংরক্ষণ করুন:
গ্রন্থ-পঞ্জীর বিবরন
প্রধান লেখক: Nguyễn Hữu Trí
বিন্যাস: গ্রন্থ
ভাষা:Undetermined
প্রকাশিত: Hà Nội Giao Thông Vận Tải 2001
বিষয়গুলি:
ট্যাগগুলো: ট্যাগ যুক্ত করুন
কোনো ট্যাগ নেই, প্রথমজন হিসাবে ট্যাগ করুন!
Thư viện lưu trữ: Trung tâm Học liệu Trường Đại học Cần Thơ
LEADER 00637nam a2200169Ia 4500
001 CTU_45362
008 210402s9999 xx 000 0 und d
082 |a 620.00420285 
082 |b Tr300/T2/2001 
100 |a Nguyễn Hữu Trí 
245 0 |a Autocad thực hành thiết kế kiến trúc Autocad R14 
245 0 |c Nguyễn Hữu Trí, Trần Kim Huệ; Biên tập, hiệu đính: Đào Mạnh Tuấn 
260 |a Hà Nội 
260 |b Giao Thông Vận Tải 
260 |c 2001 
650 |a autocad ( computer program language ) 
980 |a Trung tâm Học liệu Trường Đại học Cần Thơ